English Slang - Statistics

General Stats
  • This quiz has been taken 107 times
  • The average score is 7 of 17
Answer Stats
Hint Answer % Correct
bloke man
82%
shag bang
76%
bird girl
73%
Bangers Sausage
70%
knickers underwear
60%
trolly shopping cart
53%
bollocks balls
51%
chippie fish and chips restaurant
47%
fit hot
41%
fancy like
39%
Having a wank jacking off
29%
nosh food
25%
doggy bag to go bag
24%
bumbder gay
15%
diary calendar
9%
naff gross
2%
honking puking
1%
No matching quizzes found
Score Distribution
Percent of People with Each Score
Percentile by Number Answered
Your Score History
You have not taken this quiz